000 01254nam a2200229 i 4500
001 189581
003 ES-MaACL
005 20251201194553.0
008 190621s1855 sp bf |||| | spa d
110 2 _aComisión del Mapa Geológico de España.
_93030
245 1 0 _aMemoria que comprende el resumen de los trabajos verificados en el año de 1853 por las diferentes secciones de la Comisión encargada de formar el mapa geológico de la provincia de Madrid y el general del Reino, presentada al... ministro de fomento /
_cpor Don Guillermo Schulz.
260 _aMadrid :
_bpor Aguado, impresor de cámara de S.M. y de su Real Cámara,
_c1855.
300 _a77 p., [2] h. de lám. pleg. ;
_c28 cm.
599 _a1 lám. es 1 mapa geológico a col. de la provincia de Segovia.
610 2 4 _aComisión del Mapa Geológico de España-
_vMemorias.
_9155974
650 4 _aGeología-
_zEspaña.
_9138819
650 4 _aFlora-
_zEspaña.
_9152605
650 4 _aFauna-
_zEspaña.
_9152606
700 1 _aSchulz, Guillermo,
_d1805-1877
_9104793
852 _aES-MaACL
_jL-32449(5)
_z- Enc. cart.
_z. - Legado Federico de Botella y de Hornos
_z- Enc. en un vol. facticio, con tít. en el lomo de: España, geología: memorias varias, 2
999 _c189581
_d189581